Albums by Cover Description - Statistics

General Stats
  • This quiz has been taken 15 times
  • The average score is 4 of 20
Answer Stats
Hint Answer % Correct
a white brick wall Another Brick in the Wall / Pink Floyd
82%
submerged in a pool, a dollar bill on a fishing line is dangle before a baby Nevermind / Nirvana
73%
the artists pose in flamboyant band uniforms in front of several dozen cutouts of figures from history and pop culture Sgt. Pepper's Lonely Hearts Club Band / The Beatles
73%
the back of a man wearing a white t-shirt and jeans, with a red baseball cap in his back pocket Born in the U.S.A. / Bruce Springsteen
55%
a (sometimes pixelated) drawing of the artist having sex with an armless, winged woman is centered on a red background My Beautiful Dark Twisted Fantasy / Kanye West
27%
the bassist swings his guitar towards the ground on stage London Calling / The Clash
27%
a wall with peeling wallpaper, upon which is hung a photo of an old man with a bundle of sticks on his back IV / Led Zeppelin
18%
the artists feed goats at a petting zoo Pet Sounds / The Beach Boys
18%
a black and white closeup of the crotch of a man wearing tight jeans, through which an erection can be seen Sticky Fingers / The Rolling Stones
18%
a silver national guitar against a blue sky Brothers in Arms / Dire Straits
9%
a birds-eye view of a wooden school desk, onto which the artists face is engraved The Miseducation of Lauryn Hill / Lauryn Hill
9%
the artists looks at the camera, reclined on one elbow and wearing a white suit Thriller / Michael Jackson
9%
a ridgeline plot of the radio emissions given out by a pulsar Unknown Pleasures / Joy Division
9%
the artists pose in front of a concrete obelisk sticking out of a mine waste dump Who's Next / The Who
9%
a muscled man riding a motorcycle bursts out of the earth in a graveyard Bat Out of Hell / Meat Loaf
0%
the green-haired artist stands in the shower with a hand covering his face Blonde / Frank Ocean
0%
one of the artists stands directly in front of the other, covering the mouth of the man behind him with his head Bridge Over Troubled Water / Simon and Garfunkel
0%
a long-exposure shot of a man wearing a helmet and shield and raising a sword above his head Paranoid / Black Sabbath
0%
a black and white photo of a man selling pretzels from a cart Pretzel Logic / Steely Dan
0%
a black and white photo of a man sitting on a bed, looking down on a mask, which rests upon a pillow The Stranger / Billy Joel
0%
No matching quizzes found
Score Distribution
Percent of People with Each Score
Percentile by Number Answered
Your Score History
You have not taken this quiz